[Event "Olympiad-33"]
[Site "Elista"]
[Date "1998.10.10"]
[Round "11.2"]
[White "Filippov, Valerij"]
[Black "Van Wely, Loek"]
[Result "1-0"]
[WhiteElo "2595"]
[BlackElo "2635"]
[Annotator "Huebner,R"]
[PlyCount "129"]
[EventDate "1998.09.29"]
[EventType "team-swiss"]
[EventRounds "13"]
[EventCountry "RUS"]
[SourceTitle "CBM 068"]
[Source "ChessBase"]
[SourceDate "1999.02.01"]
[SourceVersion "1"]
[SourceVersionDate "1999.02.01"]
[SourceQuality "1"]
[WhiteTeam "Russia II"]
[BlackTeam "Netherlands"]
[WhiteTeamCountry "RUS"]
[BlackTeamCountry "NED"]

1. Nf3 Nf6 2. c4 c6 3. d4 d5 4. Nc3 dxc4 5. a4 Bf5 6. Nh4 e6 7. Nxf5 exf5 8. e3
Bd6 9. Bxc4 O-O 10. h3 h5 $6 {Dieser Versuch, den Weißen an der Durchführung
seiner Idee g2-g4 zu hindern, ist von redlicher Geradlinigkeit. Bisher ist
niemand auf solch direktes Vorgehen verfallen. Der Textzug erreicht indessen
die Absicht nicht und ist vermutlich zweifelhaft. Unter anderem versuchte
Schwarz in dieser Stellung bisher folgende Züge:} (10... Ne4 11. Nxe4 fxe4 12.
Qb3 Qb6 13. a5 Qxb3 14. Bxb3 Nd7 $11 {Reeh,O-Meyer,C/BL9697 1996/1/2-1/2 (51)})
(10... Nbd7 11. g4 (11. Qf3 Qa5 12. Bd3 g6 13. g4 f4 14. O-O Nd5 15. Ne4 Qc7
16. Nxd6 Qxd6 17. exf4 f5 18. gxf5 gxf5 $44 {0-1 Flores Alvarez,R-Letelier
Martner,R/Mar del Plata 1936 (31)}) 11... Ne4 12. gxf5 Qa5 13. Qc2 Ndf6 14. Bd3
Rfe8 15. f3 {Dies sieht riskant aus. Solider erscheint mir die Fortsetzung} (
15. Bd2 Qxf5 16. Nxe4 Nxe4 17. Bc3 {mit etwa gleichem Spiel.}) 15... Ng3 16.
Rg1 Nd5 17. Kf2 {Dies ist offenbar die einzige Fortsezung, die Widerstand
leistet.} ({Nach} 17. Be4 Nxc3 18. bxc3 Nxe4 19. fxe4 Rxe4 20. Rg4 Rxg4 21.
hxg4 Re8 {mit der Drohung Da5-d5 steht der König des Weißen nackt da.}) (17. e4
Nxf5 {geht gar nicht an; das Zentrum des Weißen bricht zusammen.}) 17... Nb4
18. Qb1 Nxd3+ 19. Qxd3 Qxf5 {Das Endspiel sollte Weiß bei genauer Verteidigung
nicht verlieren.} (19... Nxf5 {kam auch in Betracht:} 20. Rg5 g6 21. e4 h6 22.
Rxf5 gxf5 23. Bxh6 Kh7 24. Be3 {führt zu einer unklaren Lage; Weiß droht e4-e5.
}) 20. Qxf5 Nxf5 21. Ne4 Be7 $13 {Filippov,V-Ibragimov,I/New York op 1998/1/
2-1/2 (59)}) (10... Qe7 11. Qf3 f4 $2 12. e4 c5 13. dxc5 Bxc5 14. Bxf4 $16 {
1-0 Vaganian,R-Barbero,G/Copenhagen op 1988 (35)}) 11. g4 hxg4 12. hxg4 fxg4 ({
Auch nach} 12... Nxg4 {erhält Weiß einen starken Angriff; dennoch gefällt mir
diese Fortsetzung besser als der Textzug, nach dem Weiß mühelos das überlegene
Spiel behält. Es ist mir nicht möglich, die Stellung nach 12...Sg4:
erschöpfend zu analysieren; ich gebe ein paar knappe Anregungen:} 13. e4 {
stellt dem Schwarzen gewaltige Probleme, zum Beispiel:} (13. Qf3 {ist nicht
das Beste:} Qf6 14. Bd3 (14. Ne4 {bringt nichts ein; Schwarz antwortet} Bb4+)
14... g6 15. Qh3 Qg7 16. f3 Nf6 17. Rg1 Na6 18. Bxf5 Rfe8 {mit unklarer
Stellung.}) 13... Bb4 (13... c5 14. Qf3 cxd4 15. Qh3 Nh2 (15... Bh2 16. Nd5 Re8
17. f3 Qd6 18. Bf4 {und Weiß gewinnt.}) 16. e5 Bxe5 17. f4 Qh4+ 18. Qxh4 Nf3+
19. Kf1 Nxh4 20. fxe5 Ng6 21. Nb5 {mit Vorteil für Weiß.}) 14. exf5 Qe7+ 15.
Kf1 Nf6 16. Qf3 Re8 17. Qh3 Kf8 18. Bg5 {mit Gewinnstellung für Weiß.}) 13. e4
b5 {Offenbar möchte Schwarz den Königsläufer des Weißen vom Angriff auf den
Punkt f7 ablenken; aber mit dem Textzug gesteht er ein, daß seine Partieanlage
verfehlt war.} (13... Bb4 14. e5 Re8 15. Qd3 (15. Kf1 Bxc3 16. bxc3 Rxe5 {
ist nicht überzeugend.}) 15... Nbd7 16. Be3 ({Nach} 16. Qg6 Rxe5+ 17. dxe5 Nxe5
18. Bxf7+ (18. Qg5 Nf3+) 18... Nxf7 {hat Weiß sicher keinen Vorteil.}) (16. Bf4
Nb6 17. Bb3 Nbd5 18. Bg3 g6 19. Kf1 {Die Stellung des Schwarzen macht einen
höchst verdächtigen Eindruck.}) 16... Nxe5 17. dxe5 Qxd3 18. Bxd3 Rxe5 19.
O-O-O {Weiß hat das bessere Spiel.}) 14. axb5 cxb5 15. Bxb5 Bb4 16. Kf1 ({Nach
} 16. e5 Qd5 {zeigt sich, welche Idee Schwarz mit 13...b5 verband, obwohl die
Fortsetzung} 17. O-O Bxc3 18. bxc3 Qxb5 19. exf6 {auch noch recht günstig für
Weiß aussieht.}) 16... Bxc3 17. bxc3 Nxe4 18. Qxg4 Qd5 19. Qh5 ({Das Endspiel
ist sehr günstig für Weiß. Ebenfalls vielversprechend sieht die
Angriffsfortsetzung} 19. Rh5 f5 (19... Nf6 20. Rxd5 Nxg4 21. Bg5 {führt zu
einer für Schwarz hoffnungslosen Stellung.}) 20. Qe2 Rc8 21. Ra3 (21. Bb2 Nd2+
22. Qxd2 Qxb5+ 23. Kg1 Nd7 {ist weniger günstig für Weiß.}) 21... Nd6 22. Bd3
Nd7 23. c4 {aus.}) 19... Qxh5 20. Rxh5 Rc8 21. Bd3 Nf6 22. Rh3 a5 23. Bg5 Nbd7
24. c4 g6 25. c5 Kg7 26. Bb5 $6 (26. Bd2 {gewann den a-Bauern.}) 26... Rcb8 27.
Bh6+ Kg8 28. Bxd7 Nxd7 29. Bf4 Rb5 30. c6 Nf6 31. Be5 Nh7 32. Raa3 a4 ({Nach} 
32... f6 33. Rhb3 {ist der c-Bauer nicht mehr aufzuhalten.}) 33. c7 f6 34. Rxa4
Rc8 35. Rha3 Rxe5 36. dxe5 Rxc7 37. Ra8+ Nf8 38. exf6 (38. e6 Re7 39. R3a6 g5 (
39... Kg7 40. R6a7 Rxa7 41. Rxa7+ $18) (39... Rb7 40. Re8 Kg7 41. e7 $18) 40.
Ke2 f5 41. Kd3 Kg7 42. R6a7 Ng6 {ist nicht einfacher für Weiß.}) 38... Kf7 39.
R3a7 {Vielleicht war es genauer, den Bauern auf f6 zunächst mit} (39. R8a6 {
zu verteidigen}) 39... Rxa7 40. Rxa7+ Kxf6 41. Ke2 Ne6 42. Ke3 Ng5 43. Ra5 Ne6
44. f4 {Ohne diesen Vorstoß kann Weiß den Gegner nicht weiter zurückdrängen:} (
44. Ke4 Ng5+ 45. Kf4 Ne6+ 46. Kg4 Nd4 47. Ra6+ Ne6 48. Rb6 Ke5 {usw.}) 44...
Ng7 45. Ke4 Nh5 46. Ra6+ Kf7 47. Ke5 Kg7 48. Ra7+ Kf8 {Genau diese Stellung
hat es in der Schachgeschichte bereits gegeben; sie entstand in der Partie
Tajmanov-Bronstejn, UdSSR 1946. Dort geschah} (48... Kh6 49. Ra4 Kg7 50. Ke6 {
kommt schließlich auf dasselbe hinaus.}) 49. Ra2 (49. f5 gxf5 {mit remis. Die
Gewinnführung ist in der "Enzyklopädie der Endspiele" (ECE), Band III (Beograd
1986) unter Nr. 496 angegeben. Derselbe Stellungstypus entstand mit
vertauschten Farben in der Partie Matulovic-Suer, Poina Brasov 1973 (ECE Nr.
499); Schwarz gewann.}) 49... Kf7 50. Rb2 Ke7 51. Rb7+ Kf8 52. Rd7 Kg8 53. Ke6
{Dies ist das Gewinnmanöver! Der Turm wird nach d7 gestellt, damit nach 53...
Sf4:+ 54.Kf6 dem Schwarzen kein Schach auf d5 zur Verfügung steht.} Nxf4+ ({
Von Bronstejn und Averbach wird in der ECE, Band III (Beograd 1986) unter Nr.
496 nach} 53... Kf8 {folgende Gewinnführung angegeben:} 54. Rf7+ Kg8 (54... Ke8
55. Rf6 {und Schwarz ist in Zugzwang:} Kd8 56. Kf7 $18) 55. Ke7 Kh8 (55... Ng3
56. Kf6 $18) 56. Kf8 Ng3 57. Rg7 Nh5 58. Rxg6 Kh7 59. f5 $18) 54. Kf6 Ng2 55.
Kxg6 Nf4+ 56. Kg5 Ne6+ 57. Kf6 {Der Springer des Schwarzen vermag nicht an die
Seite seines Königs in Sicherheit zu gelangen; Weiß gewinnt.} Nf8 ({Nach} 57...
Nf4 {folgt} 58. Rd4 Ne2 59. Rg4+ Kf8 60. Rc4 Kg8 61. Kg6 Kf8 62. Kg5 {nebst
Kg5-g4 und der Springer wird eingekreist und verspeist.}) (57... Nc5 58. Rd4 {
ist nicht aussichtsreicher.}) 58. Ke5 {Stärker ist} (58. Rd8) 58... Ne6 {
Mehr in Betracht kam} (58... Nxd7+) 59. Ra7 (59. Kxe6 {war ebenfalls nicht
schlecht.}) 59... Kf8 {Plausibler sieht} (59... Ng5 {mit remis aus.}) 60. Kxe6
Kg8 61. Rf7 Kh8 62. Ke5 Kg8 63. Rd7 Kh8 64. Kf6 Kg8 65. Ke5 {Weiß hat es
anscheinend verstanden, der Mattführung mit König und Turm gegen König neue
Seiten abzugewinnen. Es überrascht nicht, daß Schwarz diesem letzten Kraftzug
nicht gewachsen war.} 1-0

[Event "Bled op 22nd"]
[Site "Bled"]
[Date "2001.03.30"]
[Round "7"]
[White "Kozul, Zdenko"]
[Black "Filippov, Valerij"]
[Result "0-1"]
[WhiteElo "2594"]
[BlackElo "2619"]
[PlyCount "84"]
[EventDate "2001.03.24"]
[EventType "swiss"]
[EventRounds "9"]
[EventCountry "SLO"]
[SourceTitle "CBM 081 Extra"]
[Source "ChessBase"]
[SourceDate "2001.05.06"]
[SourceVersion "1"]
[SourceVersionDate "2001.05.06"]
[SourceQuality "1"]

1. Nf3 c5 2. c4 Nc6 3. Nc3 e5 4. g3 g6 5. Bg2 Bg7 6. O-O d6 7. a3 Nge7 8. Rb1
a5 9. d3 O-O 10. Ne1 Be6 11. Nc2 d5 12. cxd5 Nxd5 13. Ne3 Nde7 14. Bd2 b6 15.
Re1 Qd7 16. b3 Rfd8 17. Ne4 h6 18. Nc4 Qc7 19. Qc1 Kh7 20. a4 Rd7 21. Bc3 f5
22. Ned2 Nd5 23. Ba1 Rad8 24. Na3 Re8 25. Ndc4 Qb8 26. Nc2 Nd4 27. N2e3 Nb4 28.
Bf1 Rf7 29. Ng2 Nbc2 30. Bxd4 Nxd4 31. Rd1 f4 32. f3 h5 33. gxf4 exf4 34. Nd2
g5 35. Ne4 Nxb3 36. Qa3 Nd4 37. Kh1 g4 38. Qb2 Bb3 39. Rdc1 Re6 40. Rc3 Bd5 41.
Qc1 gxf3 42. Nxf4 fxe2 0-1

[Event "FIDE-Wch k.o."]
[Site "Tripoli"]
[Date "2004.06.22"]
[Round "2.3"]
[White "Filippov, Valerij"]
[Black "Van Wely, Loek"]
[Result "1-0"]
[WhiteElo "2639"]
[BlackElo "2651"]
[Annotator "Stohl,I"]
[PlyCount "73"]
[EventDate "2004.06.19"]
[EventType "k.o."]
[EventRounds "7"]
[EventCountry "LBY"]
[SourceTitle "CBM 102"]
[Source "ChessBase"]
[SourceDate "2004.09.23"]
[SourceVersion "1"]
[SourceVersionDate "2004.09.23"]
[SourceQuality "1"]

1. Nf3 Nf6 2. c4 b6 3. g3 c5 4. Bg2 Bb7 5. O-O g6 6. Nc3 Bg7 7. d4 cxd4 8. Qxd4
d6 9. Be3 Nbd7 10. Rac1 Rc8 11. b3 a6 (11... Nc5 $5 12. Rfd1 Qd7 13. Qh4 Qg4
$132) 12. Rfd1 O-O 13. Qh4 Rc7 (13... Re8 {is another alternative solution, if
White's idea in this game proves effective.}) 14. Bh3 ({Here} 14. g4 {is well
met by} h6 $1 15. h3 g5 16. Qg3 b5 17. h4 bxc4 18. hxg5 hxg5 19. b4 (19. Nxg5
cxb3 20. axb3 Bxg2 21. Qxg2 Qb8 22. Nd5 Nxd5 23. Qxd5 Nf6 24. Qd3 Rfc8 25. Rxc7
Rxc7 26. Nxf7 Kxf7 27. g5 Qb5 $5 28. Qxb5 axb5 29. gxf6 $11 {1/2,Aronian,
L-Nyback,T/EU-ch Antalya/2004/}) 19... Qa8 20. Bxg5 Re8 21. Be3 Nf8 22. a4 Ne4
23. Nxe4 Bxe4 24. Bd4 Bxf3 25. Bxf3 Qb8 $132 {Kramnik,V-Karpov,A/Dos Hermanas/
1999/}) 14... Qb8 {The usual move, but Filippov comes with an interesting and
aggressive thrust, which can make Black think twice in the future.} ({The
prophylactic} 14... Re8 $5 {is maybe stronger (Black needs to protect his Pe7
in most lines), but even here} 15. g4 {is dangerous:} (15. Bh6 Rc5 16. Ng5 b5
17. Nd5 Bxd5 18. cxd5 Rxc1 19. Rxc1 Bxh6 20. Qxh6 Nf8 21. b4 Qb6 22. Rd1 a5 {
1/2,Wojtkiewicz,A-Stohl,I/POL-chT/1999/}) 15... Qa8 16. g5 Ne4 (16... Bxf3 17.
exf3 Ne5 18. Bg2 Nfd7 19. Nd5 Rcc8 20. f4 Nc6 21. Nxb6 Nxb6 22. Bxb6 $16 {
Szuhanek,R-Illijin,N/Indjija/2004/}) 17. Na4 $1 (17. Nd5 $6 Bxd5 18. Rxd5 e6
19. Rdd1 Nc3 20. Rd2 Nxe2+ 21. Rxe2 Qxf3 22. Rd2 Bf8 23. Bd4 Qb7 24. Bg2 Qb8
25. Rc3 h5 26. gxh6 Kh7 27. Qf4 f5 $15 {Preuschoff,M-Wojtkiewicz,A/Goch/1998/})
17... f5 18. Nxb6 $14) (14... Qa8 $2 15. Bxd7 $1 Rxd7 16. Na4 Bxf3 17. Nxb6 Qb7
18. exf3 Rc7 19. Nd5 Nxd5 20. Rxd5 Rd8 21. Kg2 Bf6 22. Qf4 $16 {Anand,V-Gomez
Esteban,J/Santurtzi act/2003/}) 15. g4 $1 {[%mdl 8] Not completely new, but
tested for the first time on a higher level.} ({Too soft is} 15. Bh6 b5 $1 16.
Nd5 Nxd5 17. cxd5 Nf6 18. Bxg7 Kxg7 19. e4 Bc8 20. Bxc8 Rfxc8 21. Rxc7 Qxc7 22.
Nd4 Qc3 23. Qf4 Rc5 24. f3 h6 25. Qd2 Nd7 26. Kf2 $11 {Jirovsky,M-Hracek,Z/
CZE-ch Luhacovice/2003/}) 15... Nc5 (15... Qa8 16. g5 Ne4 17. Nxe4 (17. Na4
$142 $14) 17... Bxe4 18. Nd2 Bc6 19. Bxd7 Rxd7 20. Bxb6 d5 (20... f6 $5 $132)
21. cxd5 Rxd5 22. Nc4 Rf5 23. Ne3 Re5 24. f3 h6 $6 25. gxh6 Bf6 26. Qf2 Rh5 27.
Ng4 Qb7 28. Bd4 $18 {Pogorelov,R-Colovic,A/Balaguer/2003/}) (15... b5 16. g5
Nh5 17. Nd5 Bxd5 18. cxd5 Nc5 19. Bg4 b4 20. Bxh5 gxh5 21. Rc4 a5 22. Qxh5 Qc8
23. Rf4 $16 {Fancsy,I-Anka,E/HUN-chT 0203/2003/}) 16. g5 Nfe4 (16... Nfd7 17.
Nd5 (17. b4 Bxf3 18. bxc5 Ba8 $13) 17... Bxd5 18. cxd5 $36 {[%cal Rf3d4,Rd4c6]
/\Nd4-c6}) 17. Nxe4 Bxe4 (17... Nxe4 18. Bxb6 Rc6 19. Bd4 $16) 18. Bxc5 Bxf3 $8
19. Bxd6 $1 (19. Bxb6 Qxb6 20. exf3 a5 $14 {^-/<=>}) 19... exd6 20. exf3 $16 {
[%csl Rd6] ><d6} b5 21. f4 $5 (21. Bf1 $16 {is a solid alternative, but White
decides to play for the attack.}) 21... bxc4 22. Rxc4 Rxc4 23. bxc4 Qb2 (23...
f6 $5 $16) 24. f5 $1 $40 Be5 (24... Qc2 25. Rxd6 gxf5 26. Rxa6 $18 (26. Qf4 $18
)) 25. f6 $18 {[%csl Rg8] עg8 Now Black has permanent problems with his basic
rank, he can't effectively activate his Rf8.} h5 (25... Kh8 26. Qe4 Qxa2 27. f4
Qb3 28. Bg4 Qb6+ 29. Kf1 Bc3 30. Qe7 $18) 26. Qe4 Rb8 27. Be6 $1 {[%cal Re4g6]
/\Qg6} Kf8 $8 (27... Bxh2+ 28. Kxh2 Qxf2+ 29. Kh1 $18) 28. Bd5 Re8 (28... Qxa2
$2 29. f4 $18) 29. Kg2 (29. Qd3 $5 {is a worthy alternative, White avoids the
exchange of Q:} Rb8 (29... Qxa2 30. Bxf7 Kxf7 31. Qd5+ Kf8 32. Qb7 Re6 33. Qg7+
Ke8 34. Qg8+ Kd7 35. Qf7+ $18) 30. Qe3 (30. Kg2 {[%cal Rd3e3,Re3a7] /\Qe3-a7+-}
) 30... Qc2 31. Rd3 (31. Re1 Rb1 $16) 31... Kg8 32. Kg2 $18) 29... Bxh2 $6 (
29... Bg3 $142 30. Qd4 Qxd4 31. Rxd4 Be5 32. Rd3 $18 {is slightly more
resilient, but hopeless as well. Black's move loses by force.}) 30. Rb1 $1 Qd2
(30... Rxe4 31. Rxb2 $18) (30... Qe5 31. Qxe5 Bxe5 32. Rb7 Re6 $8 33. Bxe6 fxe6
34. Re7 $18) 31. Rb8 $1 Be5 (31... Qxg5+ 32. Kxh2 $18) (31... Rxb8 32. Qe7+ Kg8
33. Qxf7+ Kh8 34. Qg7#) 32. Rxe8+ Kxe8 33. Bxf7+ $1 {[%mdl 64] A simple, but
pleasing combination forces mate.} Kd8 (33... Kxf7 34. Qb7+ Ke6 35. Qc8+ Kf7
36. Qd7+ Kf8 37. Qe7+ Kg8 38. Qg7#) (33... Kf8 34. Qa8+ $18) (33... Kd7 34.
Qb7+ Kd8 35. Qb8+ {-33...Kd8}) 34. Qa8+ Kc7 35. Qa7+ Kd8 (35... Kc6 36. Be8#)
36. Qb8+ Kd7 37. Be8+ (37. Be8+ Ke6 38. Qc8#) 1-0

[Event "Moscow Aeroflot op-A"]
[Site "Moscow"]
[Date "2005.02.20"]
[Round "6"]
[White "Filippov, Valerij"]
[Black "Sakaev, Konstantin"]
[Result "1-0"]
[WhiteElo "2621"]
[BlackElo "2677"]
[Annotator "Dautov,R"]
[PlyCount "103"]
[EventDate "2005.02.15"]
[EventType "swiss"]
[EventRounds "9"]
[EventCountry "RUS"]
[SourceTitle "CBM 106"]
[Source "ChessBase"]
[SourceDate "2005.06.06"]
[SourceVersion "1"]
[SourceVersionDate "2005.06.06"]
[SourceQuality "1"]

1. c4 c6 2. e4 d5 3. exd5 cxd5 4. d4 Nf6 5. Nc3 e6 6. Nf3 Nc6 7. Bg5 Be7 8. c5
h6 9. Bf4 Ne4 10. Bb5 Bd7 {Die Stammpartie der Variante, Kasparov-Anand, führt
zu einer unklaren Stellung mit gegenseitigen Chancen. Sakaev verzichtet
konsequent darauf, zu dieser Partie überzugehen und landet bald in einer
passiven und schlechteren Stellung.} (10... Nxc3 11. bxc3 Bd7 12. O-O O-O 13.
Rc1 Re8 14. Re1 Bf6 15. Rb1 b6 16. Ba6 Bc8 17. Bb5 Bd7 18. Ba6 Bc8 19. Bd3 $5
bxc5 20. Ne5 $44 {Kasparov,G-Anand,V/Amsterdam 1996}) 11. O-O O-O 12. Re1 (12.
Rc1 $5 Bf6 13. Re1 $14) 12... Ng5 $6 {[%mdl 16384] Dieses Springermanöver
hinterläßt keinen guten Eindruck, es war noch nicht zu spät für den Abtausch
auf c3.} (12... Nxc3 $1 13. bxc3 b6 14. cxb6 axb6 $11) 13. Ne5 $1 $14 Nxe5 14.
Bxe5 Bxb5 15. Nxb5 Ne4 16. f3 Nf6 17. b4 {Das Spiel des Weißen auf dem
Damenflügel entwickelt sich von selbst, während Schwarz kein Gegenspiel im
Zentrum hat.} a6 18. Nd6 Ra7 19. Rc1 (19. a4 $5 b6 20. Qd3 $16) 19... Qd7 20.
a4 Rfa8 21. Qb3 Ne8 22. Nxe8 Qxe8 23. f4 $1 {Schwarz hat sich auf den Vorstoß
b4-b5 gut vorbereitet, vorbei sein Ra7 eine merkwürdige Stellung einnahm.
Gerade diesen Umstand nutzt Weiß mit seinem Textzug aus.} Qd7 (23... f6 $2 24.
Bc7 Rc8 25. Bb6 Raa8 26. Rxe6 $18) (23... Qd8 24. Qh3 $1 Qd7 (24... Bf6 25. f5
$16) 25. f5 exf5 26. Qg3 $16) 24. f5 exf5 25. Qg3 g5 $2 {Mit 25...Bg5 konnte
Sakaev die Schwächung seines Königs vermeiden.} (25... Bg5 $1 26. h4 f4 27. Qf2
Be7 28. Qxf4 $16) 26. Bb8 (26. Rf1 $5 Rf8 27. Qh3 Kh7 28. Rxf5 $16) 26... f4
27. Bxf4 Re8 28. h4 f6 29. Bd6 $1 Raa8 30. Qf3 $18 {Der Bauer d5 fällt, und
Weiß bekommt eine technisch gewonnene Stellung.} Kg7 31. Qxd5 Rad8 (31... Bxd6
32. cxd6 $18) 32. Re6 Bxd6 33. Rxd6 Qe7 34. Rf1 Rxd6 35. cxd6 Qe3+ 36. Kh1 Re4
37. Qxb7+ Kh8 38. Qc8+ Kg7 39. Qb7+ Kh8 40. Qc8+ Kg7 41. Qd7+ Kg8 42. g3 $1 Re6
(42... Qxd4 43. Qc8+ Kg7 44. Qd7+ Kg8 45. Qf5 $18) 43. Qc8+ Kg7 44. Qc7+ Kg6
45. Qc2+ Kh5 (45... Kg7 46. d7 Qxd4 47. Rd1 $18) 46. Qd1+ Kg6 47. Qc2+ Kh5 48.
hxg5 hxg5 49. d7 Rd6 50. Qh7+ Kg4 51. Qf5+ Kh5 52. Kg2 1-0